000 01045nam0a22003131 4500
001 RU\NLR\INFOCOMM_190\5000044161
005 20250613093338.0
035 _a(NLR Aleph) 009198930
090 _a8677375
_c8677375
100 _a20100421d1981 |||y0rusy50 ca
101 0 _aeng
102 _aRU
105 _aa ||||000|y
200 1 _aP-odd Van der Waals forces
_fI. B. Khriplovich a. O. L. Zhizhimov
210 _aНовосибирск
_d1981
215 _a14 с.
_cчерт.
_d20 см
225 1 _aПрепринт
_fИн-т ядер. физики СО АН СССР
_v81-133
320 _aБиблиогр.: с. 12-13
606 _aСилы Ван-дер-Ваальса
_2nlr_sh1
686 _aВ382.42
_2rubbk
700 1 _9z01790
_aChriplovič
_bI. B.
_gIosif Bencionovič
_4070
701 1 _9z02790
_aŽižimov
_bO. L.
_4070
790 1 _9z01700
_aKhriplovich
_bI. B.
_4070
790 1 _9z02701
_aZhizhimov
_bO. L.
_4070
801 1 _aRU
_bNLR
_c20100421
801 0 _aRU
_bNLR
_gPSBO
852 _aNLR
_jФз01 Д-4/2029
942 _cBOOK
980 _aNB